000 00615nam a2200253 a 4500
001 nice12345678
003 IN_TiNIC
005 20260116012101.0
008 050524s1971 pata grp 000 0 eng
020 _a
_c6.75
082 0 0 _a275.4
_bPER
100 _aPerumalil, A C
245 _aApostles in India
260 _aPatna
_bXavier Teahers` Training Institute
_c1971
300 _a234p
500 _aincludes index and biblioraphy
505 2 _aMaps
650 _aChristianity-India
650 _aSaint Thomas Church
700 1 _aPerumalil, A C
902 _bSRS
942 _cBK
999 _c5569
_d5569